banner-ar

ديوان شوقى : توثيق وتبويب وشرح وتعقيب / (Record no. 66612)

MARC details
000 -الفاتح
حقل البيانات ثابتة الطول 00924nam a2200253Ia 4500
005 - وقت وتاريخ اخر تعامل مع التسجيلة
رقم الضبط 20240530110928.0
008 - عناصر البيانات ثابتة الطول - معلومات عامة
حقل البيانات ثابتة الطول 140319s9999 xx 000 0 ara d
020 ## - الرقم الدولى المعيارى للكتب
الرقم الدولى المعيارى للكتاب 3333914977
040 ## - مصدر الفهرسة
وكالة الفهرسة الأصلية GCL /
وكالة النسخ GCL
082 04 - رقم تصنيف ديوى العشرى
رقم التصنيف 811.9
رقم المادة أ د
100 1# - المدخل الرئيسى - إسم شخصى
الإسم الشخصى احمد محمد الحوفى
245 10 - بيان العنوان
العنوان ديوان شوقى : توثيق وتبويب وشرح وتعقيب /
بيان المسئوليه,etc احمد محمد الحوفى
250 ## - بيان الطبعة
بيان الطبعة ط. 1
260 ## - PUBLICATION, DISTRIBUTION, ETC. (IMPRINT)
تاريخ النشر أو التوزيع 1981
300 ## - الوصف المادى
التعداد 2 جزء ؛
أبعاد الوعاء 24 سم
650 04 - المدخل الاضافى بالموضوع-مصطلح موضوعى
مصطلح موضوعي الشعر الغزلى
650 04 - المدخل الاضافى بالموضوع-مصطلح موضوعى
مصطلح موضوعي الشعراء العرب
650 04 - المدخل الاضافى بالموضوع-مصطلح موضوعى
مصطلح موضوعي الشعر العربى - تاريخ ونقد
650 04 - المدخل الاضافى بالموضوع-مصطلح موضوعى
مصطلح موضوعي ابن خلدون
650 04 - المدخل الاضافى بالموضوع-مصطلح موضوعى
مصطلح موضوعي الشعر الجاهلى - تاريخ ونقد
650 04 - المدخل الاضافى بالموضوع-مصطلح موضوعى
مصطلح موضوعي الشعر العربى - تاريخ ونقد - العصر الجاهلى
942 ## - عناصر المدخل الإضافي( كوها)
مصدر التصنيف او مخطط الترفيف Dewey Decimal Classification
Koha [default] item type كتاب
260 ## - PUBLICATION, DISTRIBUTION, ETC. (IMPRINT)
-- القاهرة :
-- نهضة مصر للطباعة والنشر والتوزيع ،
Holdings
حالة التراجع حالة الفقد مصدر التصنيف او خطة الترفيف حالة تلف ليس للاعارة المكان المؤقت الموقع الحالى تاريخ الاكتساب اجمالي اﻻعارات رقم الطلب الباركود تاريخ اخر مشاهدة تاريخ تفعيل السعر نوع وعاء كوها
    ddc     مكتبة القاهرة الكبرى مكتبة القاهرة الكبرى 08/20/2022   811.9\أ د 168277 08/20/2022 08/20/2022 كتاب
    ddc     مكتبة القاهرة الكبرى مكتبة القاهرة الكبرى 08/20/2022   811.9\أ د 168278 08/20/2022 08/20/2022 كتاب
    ddc     مكتبة القاهرة الكبرى مكتبة القاهرة الكبرى 08/20/2022   811.9\أ د 168279 08/20/2022 08/20/2022 كتاب
    ddc     مكتبة القاهرة الكبرى مكتبة القاهرة الكبرى 08/20/2022   811.9\أ د 168280 08/20/2022 08/20/2022 كتاب
    ddc     مكتبة القاهرة الكبرى مكتبة القاهرة الكبرى 08/20/2022   811.9\أ د 168281 08/20/2022 08/20/2022 كتاب
    ddc     مكتبة القاهرة الكبرى مكتبة القاهرة الكبرى 08/20/2022   811.9\أ د 168282 08/20/2022 08/20/2022 كتاب

Powered By

EGPV